[Event "West Wales Open"]
[Site "Swansea"]
[Date "2018.10.14"]
[Round "5"]
[White "Burrows, Mike"]
[Black "Denham, Colin"]
[Result "1/2-1/2"]
[WhiteElo "1857"]
[BlackElo "1617"]
[Annotator "kemen"]
[PlyCount "77"]
[EventDate "2018.10.12"]
[EventType "swiss"]
[EventRounds "5"]
[EventCountry "WLS"]

1. d4 d5 2. c4 c6 3. Nf3 Nf6 4. Nc3 Nbd7 5. e3 e6 6. Bd3 dxc4 7. Bxc4 Nb6 (7...
b5 {main, is the sharp Meran, very extensively analysed since Merano1924,
though its debut was at Ostend in 1906} 8. Bd3 Bb7 (8... a6)) 8. Be2 (8. Bd3 {
main}) 8... Bb4 9. O-O Bxc3 $146 (9... O-O 10. a3 Bxc3 11. bxc3 Nbd5 12. Qc2
Ne7 {Rasmussen-Brondum, Borup op 20121,1/2-1/2}) (9... Nbd5 10. Qc2 Qa5 11. Bd2
Nxc3 12. bxc3 Be7 13. Rab1 Qc7 14. c4 b6 15. Ne5 Nd7 16. Nxd7 Bxd7 17. Bf3 Rc8
18. Rfc1 O-O {Bykovskikh-Ovchinnikov, Barnaul Lepikhin mem 2014,1/2-1/2}) 10.
bxc3 $16 O-O 11. Qc2 (11. Ba3 {emphasises Bl's loss of the bl squares}) 11...
Nbd7 (11... c5) 12. a4 (12. e4 $18 {Komodo12- Wh's centre control leads to a K
side attack}) 12... Re8 13. Rd1 Qc7 14. Ba3 b6 15. Bd3 (15. e4 c5 16. e5 Nd5
17. Ng5 Nf8 18. Ne4 $16 {Komodo12}) 15... e5 16. dxe5 (16. Ng5 Nf8 17. Bxf8
Kxf8 18. Bc4 e4 (18... Be6 19. Bxe6 fxe6 20. Nxh7+ $18) 19. Nxf7 $16 {Komodo12}
) 16... Nxe5 17. Nxe5 Qxe5 18. Bd6 Qh5 19. Re1 Rd8 20. Bg3 (20. Be7 Re8 21.
Bxf6 gxf6 22. Be4 Bd7 23. Rad1 Rad8 24. Rd6 (24. Rxd7 Rxd7 25. Bxc6 $16) 24...
Be6 25. Red1 Rxd6 26. Rxd6 c5 27. Bc6 Rb8 28. f4 $16 {Komodo12}) 20... Be6 $14
21. e4 Nd7 22. h3 Qc5 (22... Nc5) 23. Bf4 (23. e5) 23... Bc4 24. Red1 Be6 (
24... Ne5 $11) 25. Ba6 Ne5 26. Bb7 Rab8 27. Rxd8+ Rxd8 28. Bxe5 Qxe5 29. Rd1 (
29. Bxc6 h6 $11 {Wh's split pawns are a problem}) 29... Rxd1+ 30. Qxd1 g6 31.
Qd4 (31. Bxc6 Qxc3 32. Bd5 $11) 31... Qc7 32. Ba6 c5 33. Qf6 Qc6 34. Qf4 Qxa4
35. Qb8+ Kg7 36. Qe5+ Kg8 37. Qb8+ Kg7 {(draw?)} 38. Qe5+ Kg8 39. Qb8+ 1/2-1/2